000 00312nam a2200133Ia 4500
008 100328s9999 xx 000 0 und d
082 _b39636
100 _aShan R.J.
245 _aComputer Programming
260 _bSheth
630 _aComputer Programming
730 _aComputer Programming
942 _cBOOK
999 _c528539
_d528536